000 00396nam a22001457a 4500
003 OSt
005 20160727222355.0
008 160622b xxu||||| |||| 00| 0 eng d
040 _cTEST
100 _9518
_aKarunakaran, K
245 _aSociolinguistics Patterns of Language Use
260 _aAll India Tamil Lin. Asso.
_c1983
300 _aSociolinguistics Patterns of Language Use
942 _2ddc
_cBK
999 _c427
_d427